|
|
|
|
| LEADER |
03697nam a22004093i 4500 |
| 001 |
EBC6955840 |
| 003 |
MiAaPQ |
| 005 |
20231204023223.0 |
| 006 |
m o d | |
| 007 |
cr cnu|||||||| |
| 008 |
231204s2015 xx o ||||0 ger d |
| 020 |
|
|
|a 9783839410578
|q (electronic bk.)
|
| 020 |
|
|
|z 9783837610574
|
| 035 |
|
|
|a (MiAaPQ)EBC6955840
|
| 035 |
|
|
|a (Au-PeEL)EBL6955840
|
| 035 |
|
|
|a (OCoLC)1313895297
|
| 040 |
|
|
|a MiAaPQ
|b eng
|e rda
|e pn
|c MiAaPQ
|d MiAaPQ
|
| 100 |
1 |
|
|a Paul, Barbara.
|
| 245 |
1 |
0 |
|a Mehr(wert) queer - Queer Added (Value) :
|b Visuelle Kultur, Kunst und Gender-Politiken - Visual Culture, Art, and Gender Politics.
|
| 250 |
|
|
|a 1st ed.
|
| 264 |
|
1 |
|a Bielefeld :
|b transcript,
|c 2015.
|
| 264 |
|
4 |
|c ©2015.
|
| 300 |
|
|
|a 1 online resource (249 pages)
|
| 336 |
|
|
|a text
|b txt
|2 rdacontent
|
| 337 |
|
|
|a computer
|b c
|2 rdamedia
|
| 338 |
|
|
|a online resource
|b cr
|2 rdacarrier
|
| 490 |
1 |
|
|a Studien zur visuellen Kultur
|
| 505 |
0 |
|
|a Cover Mehr(wert) queer / Queer Added (Value) -- Inhalt/Content -- Einleitung: Queer als visuelle politische Praxis -- Introduction: Queer as a Visual Political Practice. Translated by Erika Doucette, translation edited by Charlotte Eckler -- A READER - a visual archive, a work by Stefanie Seibold 2006 -- »Du bist das Beste von beiden Welten« - »Du gehörst hier nicht hin«. Loren Camerons Zerrbilder gegen heteronormative Zweigeschlechtlichkeit -- »You're the best of both worlds«-»You don't belong here«. Loren Cameron's Distortions of Heteronormative Gender Dualism.Translated by Erika Doucette, translation edited by Charlotte Eckler -- »Liebe ist …«. Visuelle Strategien der Normalisierung und das Schweizer Partnerschaftsgesetz -- »Liebe ist … (Love is …)«. Visual Strategies of Normalization and the Swiss Partnership Law. Translated by Erika Doucette, translation edited by Charlotte Eckler -- How to Queer Things with Images? Von der Phantasielosigkeit der Performativität und der Bildlichkeit des Begehrens -- How to Queer Things with Images? On the Lack of Fantasy in Performativity and the Imaginativeness of Desire. Translated by Dream Coordination Office (Lisa Rosenblatt and Charlotte Eckler) -- Körper ohne Körper. Queeres Begehren als Methode -- Bodies without Bodies. Queer Desire as Method. Translated by Dream Coordination Office (Lisa Rosenblatt and Charlotte Eckler) -- Tanja Ostojic: [Black Square on White]. Von der Mehrlust zum Ekel und zurück -- Tanja Ostojic: [Black Square on White]. From Mehrlust to Nausea and Back. Translated by Dream Coordination Office (Lisa Rosenblatt and Charlotte Eckler) -- Mehr-Genießen: Von nichts kommt etwas. Das Reale, das Politische und die Produktionsbedingungen - zur Produktivität einer Unmöglichkeit.
|
| 505 |
8 |
|
|a Surplus Enjoyment: You Can Make Something out of Nothing. The Real, the Political, and the Conditions of Production-On the Productivity of an Impossibility. Translated by Wilfried Prantner and Catherine Kerkhoff -Saxon -- Beitragende -- Contributors -- Register -- Index.
|
| 588 |
|
|
|a Description based on publisher supplied metadata and other sources.
|
| 590 |
|
|
|a Electronic reproduction. Ann Arbor, Michigan : ProQuest Ebook Central, 2023. Available via World Wide Web. Access may be limited to ProQuest Ebook Central affiliated libraries.
|
| 655 |
|
4 |
|a Electronic books.
|
| 700 |
1 |
|
|a Schaffer, Johanna.
|
| 776 |
0 |
8 |
|i Print version:
|a Paul, Barbara
|t Mehr(wert) queer - Queer Added (Value)
|d Bielefeld : transcript,c2015
|z 9783837610574
|
| 797 |
2 |
|
|a ProQuest (Firm)
|
| 830 |
|
0 |
|a Studien zur visuellen Kultur
|
| 856 |
4 |
0 |
|u https://ebookcentral.proquest.com/lib/matrademy/detail.action?docID=6955840
|z Click to View
|